Fast Easy Math - Statistics

General Stats
  • This quiz has been taken 71 times
  • The average score is 15 of 15
Answer Stats
Questions Answers % Correct
7 + 8 15
100%
2 x 9 18
100%
2 + 8 10
98%
2 x 5 10
98%
2 x 8 16
98%
7 + 9 16
98%
4 / 2 2
98%
5 x 5 25
98%
4 x 2 8
98%
1 x 9 9
98%
100 x 2 200
97%
50 x 4 200
97%
30 / 10 3
97%
100 / 2 50
97%
35 / 5 7
97%
No matching quizzes found
Score Distribution
Percent of People with Each Score
Percentile by Number Answered
Your Score History
You have not taken this quiz